00974nam a22002537a 4500999001500000001000600015003000900021005001700030008004100047020001800088040002800106082001900134245009500153250001200248260003100260300004400291504005100335650001900386650001800405700001800423942001200441952012600453952014100579 c8328d832821843BD-DhUAP20230620161529.0230619b2019 cc a|||| |||| 001 0ceng d a9780323476522 aDLCbengcDLCdBD-DhUAP 223a615.58 BRO aBrody's human pharmacology : bMechanism - Based Therapeutics /cLynn Wecker ... [et al.]. a6th ed. aLondon :bElsevier,c2019. axiv,714 pages :bIllustrations;c28 cm. aIncludes bibliographical references and index. aPharmacology.  aChemotherapy. aWecker, Lynn. 2ddccBK 00102ddc4070aUAPCLbUAPCLcGeneral Stacksd2023-06-19o615.58 BROp3010021843r2023-06-19t1v8247.00w2023-06-19yBK 00102ddc4070aUAPCLbUAPCLcGeneral Stacksd2023-06-19l1o615.58 BROp3010021844r2025-09-01s2025-08-07t2v8247.00w2023-06-19yBK